00653nam a2200205 a 450000100100000000500170001000800410002702000150006804000250008308200170010810000220012524500600014726000280020730000360023549000300027150000340030150000350033550000470037083000300041700002472820200930023332.0110203s1999 sp ac r 001 0 spa d a8420790591 aDO-SdBNPbspacBNPHU axxxxxbS941s1 aSubirats, Eduardo10aSobre la libertad :bnotas de viaje /cEduardo Subirat. aMadrid :bAnaya,c1999. a111 p. :bil., retrs. ;c21 cm.1 aPunto de referencia Anaya aIncluye índice analítico. aIncluye índice onomástico. aIncluye referencia biográfica del autor. 0aPunto de referencia Anaya